Economic geology bulletin of the Society of Economic Geologists

Salvato in:
Dettagli Bibliografici
Natura: Periodico
Lingua:inglese
Pubblicazione: Lancaster Economic geology 1974
Tags: Aggiungi Tag
Nessun Tag, puoi essere il primo ad aggiungerne!!

MARC

LEADER 00000nas2a2200000$$$4500
001 0011245
005 20250730114301.9
041 0 |a eng 
044 |a GB 
245 1 0 |a Economic geology  |b bulletin of the Society of Economic Geologists 
264 1 |a Lancaster  |b Economic geology  |c 1974 
300 |a 1 zv. 
773 0 |w eu_un_cat*0011241